000 01068cab a22002055a 4500
001 L140545
008 070927s2007 xxkd s 000 0 eng d
035 _a(Sirsi) u140545
041 0 _aeng
100 1 _aGeieregger, Elke
245 0 0 _aEuropean hotel industry performance 2006
260 _c2007
490 0 _aJournal of Retail and Leisure Property
_v6(3) 263-268(6)
520 _aIdentifies market trends in hotel values, investment activity and yields in Europe for 2006. Covers mainly four and five star hotels in twenty eight European markets. Finds that 2006 was a breakthrough year for all the markets involved in the study. Total investment value increased from ca €15bn in 2005 to over €20bn in 2006; a 28% increase in transaction values. Expects many markets to continue the upward trend for hotel values in 2007 for a further year, although not at the same rate.
590 _aka
651 4 _aEurope
690 _aPROPERTY-COMMERCIAL PROPERTY-LEISURE PROPERTY-HOLIDAY AND GUEST PROPERTY-HOTEL PROPERTY
700 1 _aBader, Elana
942 _n0
999 _c79300
_d79300